| 000 | 01811cam a22003134a 4500 | ||
|---|---|---|---|
| 001 | 16656833 | ||
| 005 | 20171024122812.0 | ||
| 008 | 110217s2011 ncu b s001 0 eng | ||
| 010 | _a 2011006662 | ||
| 016 | 7 |
_a015882019 _2Uk |
|
| 020 | _a9789774165207 | ||
| 020 | _a9780807834886 (cloth : alk. paper) | ||
| 020 | _a0807834882 (cloth : alk. paper) | ||
| 082 | 0 | 0 |
_a327.7305609041 _222 _bJAC |
| 100 | 1 |
_aJacobs, Matthew F. _932070 |
|
| 245 | 1 | 0 |
_aImagining the Middle East : _bthe Building of an American Foreign Policy, 1918-1967 / _cMatthew F. Jacobs. |
| 260 |
_aChapel Hill : _bUniversity of North Carolina Press, _cc2011. |
||
| 300 |
_axiii, 318 p. ; _c25 cm. |
||
| 504 | _aIncludes bibliographical references (p. [249]-306) and index. | ||
| 505 | 0 | _aThe task -- falls to the area specialists : national interests, knowledge production, and the emergence of an informal network -- The all-pervading influence of the Muslim faith : the perils and promise of political Islam -- A new amalgam of interests, religion, propaganda, and mobs : interpretations of secular mass politics -- What modernization requires of the Arabs -- is their de-Arabization : imagining a transformed Middle East -- A profound and growing disturbance -- which may last for decades : the Arab-Israeli-Palestinian conflict and the limits of the network. | |
| 650 | 0 |
_aArab-Israeli conflict. _932071 |
|
| 651 | 0 |
_aMiddle East _xForeign relations _zUnited States. _932072 |
|
| 651 | 0 |
_aUnited States _xForeign relations _zMiddle East. _932073 |
|
| 651 | 0 |
_aMiddle East _xForeign relations _y20th century. _932074 |
|
| 651 | 0 |
_aUnited States _xForeign relations _y20th century. _932075 |
|
| 650 | 0 |
_911983 _aIslam and politics _zMiddle East |
|
| 651 | 0 |
_932076 _aMiddle East _xPolitics and government _y20th century |
|
| 942 |
_2ddc _cBB |
||
| 999 |
_c17159 _d17131 |
||